000 00457cam a2200169 4500
008 150107n 000 0 eng u
020 _a0205085555
035 _a(Sirsi) a187068
050 _aQC23 BLA 1986
100 _aBlatt, Frank J.
245 _aPrinciples of physics /
_cFrank J. Blatt.
250 _a2nd ed.
260 _aBoston:
_bAllyn and Bacon,
_c1986.
300 _axvi, 802 p. :
_bill.
504 _aIncludes index.
650 _aPhysics.
999 _c122201
_d122201